| 000 | 00752nam a22002057a 4500 | ||
|---|---|---|---|
| 003 | 0 | ||
| 005 | 20250109152935.0 | ||
| 008 | 250109b xxu||||| |||| 00| 0 eng d | ||
| 050 |
_aBF 575 _b.Ac26 2024 |
||
| 100 | _aAcosta, Judith Alma D. | ||
| 245 |
_aGratitude as a mediating variable between forgiveness and spiritual well-being of pranic healers _cAcosta, Judith Alma D. |
||
| 260 |
_aLas Piñas City _bSouthville International School and Colleges _c2024 |
||
| 300 |
_ax, 370 pages ; _c29 cm. |
||
| 504 | _aIncludes bibliographical references and index. | ||
| 650 | _aGratitude—Psychological aspects. | ||
| 650 | _aForgiveness—Psychological aspects. | ||
| 650 | _aSpiritual well-being. | ||
| 650 | _aPranic healing. | ||
| 942 |
_2lcc _cTH |
||
| 999 |
_c366964 _d366964 |
||